00335nam a2200121Ia 4500008004100000041000800041082002300049100001700072245004300089260004400132300003000176365000700206240624s9999 xx 000 0 und d aeng a352.3802854678 PRA aPRABHU C S R aE GOVERNANCE CONCEPTS AND CASE STUDIES c2004aNew DelhibPrentice-Hall of India axi, : 247 : p. : cm. ; 26 cRS